000 00895cam a2200205 4500
001 WB3706-24
008 000000n2001 000 0 eng u
035 _a(Sirsi) u110763
245 _aHuman Rights redress on listing
260 _c2001
490 _aBuilding Design
_v(1472) 2 February 2001, 2(1)
520 _aThe Human Rights Act is continuing to cause problems with planners after it emerged that listed building regulations could be deemed incompatible with the new legislation. This happened when residents of a village in South Wales threatened to use the act to make the Welsh conservation body change the way it grants listed building consent.
590 _aWB
650 _aHUMAN RIGHTS ACT 1998
650 _aLISTED BUILDING CONSENT
650 _aCADW
650 _aENGLISH HERITAGE
690 _aENVIRONMENTAL AND LAND CONSULTANCY-PLANNING AND DEVELOPMENT
942 _n0
999 _c66025
_d66025